Jammu & Kashmir 1949-64 : (Record no. 5378)

MARC details
000 -LEADER
fixed length control field 00615 a2200181 4500
010 ## - LCCN (DPL NO)
LC control number ENG-86835
020 ## - INTERNATIONAL STANDARD BOOK NUMBER
Terms of availability 595.00
International Standard Book Number 0670999377
035 ## - SYSTEM CONTROL NUMBER
System control number EN-70368
037 ## - SOURCE OF ACQUISITION
Source of stock number/acquisition DBAD / PUB
082 14 - DEWEY DECIMAL CLASSIFICATION NUMBER
Classification number 954.11
245 1# - TITLE STATEMENT
Title Jammu & Kashmir 1949-64 :
Statement of responsibility, etc ed. by Jawaid Alam
Remainder of title select correspondence between Jawaharlal Nehru & Karan Singh /
260 ## - PUBLICATION, DISTRIBUTION, ETC. (IMPRINT)
Place of publication, distribution, etc New Delhi
Name of publisher, distributor, etc Penguin Books
Date of publication, distribution, etc 2006
270 ## - ADDRESS
Address 11, Community Centre, Panchsheel Park
City New Delhi
Postal code 110 002
300 ## - PHYSICAL DESCRIPTION
Extent xiii, 174 p.
Dimensions 23 cm (Hb)
Other physical details B & W photos
500 ## - GENERAL NOTE
General note includaes index
700 1# - ADDED ENTRY--PERSONAL NAME
Personal name Jawaid Alam
942 ## - ADDED ENTRY ELEMENTS (KOHA)
Institution code [OBSOLETE] dpl
Item type English Books
Source of classification or shelving scheme Dewey Decimal Classification
Classification part 954.11
Call number suffix JAM
Holdings
Withdrawn status Lost status Not for loan Collection code Home library Current library Source of acquisition Cost, normal purchase price Full call number Barcode Copy number Cost, replacement price Koha item type
    Not For Loan Non-fiction D.B.Act.Division D.B.Act.Division DBAD/PUB 595.00 954.11 JAM EN-70368 1 595.00 English Books

© Delhi Public Library
Hit Counter
free hit counter